Countries by Domain - Statistics

General Stats
  • This quiz has been taken 816 times
  • The average score is 56 of 195
Answer Stats
Hint Answer % Correct
.ca Canada
92%
.lv Latvia
70%
.uk United Kingdom
69%
.hu Hungary
68%
.jp Japan
66%
.us United States
66%
.fr France
65%
.nz New Zealand
64%
.in India
59%
.cz Czech Republic
58%
.dk Denmark
58%
.mx Mexico
58%
.tv Tuvalu
58%
.gh Ghana
57%
.no Norway
57%
.tz Tanzania
57%
.vu Vanuatu
57%
.ye Yemen
57%
.it Italy
55%
.qa Qatar
55%
.uz Uzbekistan
55%
.ve Venezuela
55%
.uy Uruguay
54%
.kz Kazakhstan
53%
.au Australia
51%
.ph Philippines
51%
.fj Fiji
50%
.ro Romania
50%
.es Spain
50%
.af Afghanistan
49%
.be Belgium
49%
.de Germany
49%
.om Oman
48%
.sk Slovakia
48%
.co Colombia
47%
.gr Greece
47%
.pl Poland
47%
.ru Russia
47%
.fi Finland
46%
.jo Jordan
46%
.mz Mozambique
46%
.cy Cyprus
45%
.lt Lithuania
45%
.rw Rwanda
45%
.ug Uganda
45%
.zw Zimbabwe
45%
.iq Iraq
44%
.kg Kyrgyzstan
44%
.zm Zambia
44%
.az Azerbaijan
42%
.lu Luxembourg
42%
.hr Croatia
40%
.et Ethiopia
40%
.id Indonesia
40%
.jm Jamaica
40%
.sy Syria
40%
.th Thailand
40%
.nl Netherlands
39%
.ua Ukraine
39%
.ar Argentina
38%
.do Dominican Republic
38%
.ir Iran
38%
.va Vatican City
38%
.dj Djibouti
37%
.dm Dominica
37%
.ie Ireland
37%
.mw Malawi
37%
.pk Pakistan
37%
.pa Panama
36%
.br Brazil
35%
.kw Kuwait
33%
.pe Peru
33%
.za South Africa
33%
.bo Bolivia
32%
.cn China
32%
.ec Ecuador
32%
.ge Georgia
31%
.gn Guinea
31%
.is Iceland
31%
.fm Micronesia
31%
.pt Portugal
31%
.tj Tajikistan
31%
.ke Kenya
30%
.ki Kiribati
30%
.ng Nigeria
30%
.vn Vietnam
30%
.ee Estonia
29%
.ly Libya
29%
.so Somalia
29%
.ch Switzerland
29%
.al Albania
28%
.tw Taiwan
28%
.tg Togo
28%
.tt Trinidad & Tobago
28%
.er Eritrea
27%
.hn Honduras
27%
.kr South Korea
27%
.at Austria
26%
.eg Egypt
26%
.ht Haiti
26%
.my Malaysia
26%
.bf Burkina Faso
25%
.cm Cameroon
25%
.tr Turkey
25%
.am armenia
24%
.ga Gabon
24%
.na Namibia
24%
.sm San Marino
24%
.to Tonga
24%
.gt Guatemala
23%
.gy Guyana
23%
.bt Bhutan
22%
.cu Cuba
22%
.mk North Macedonia
22%
.pg Papua New Guinea
22%
.sg Singapore
22%
.bb Barbados
21%
.bz Belize
21%
.bg Bulgaria
21%
.np Nepal
21%
.se Sweden
21%
.bw Botswana
20%
.gm Gambia
20%
.il Israel
20%
.lb Lebanon
20%
.ss South Sudan
20%
.bh Bahrain
19%
.cl Chile
19%
.gq Equatorial Guinea
19%
.li Liechtenstein
19%
.ad Andorra
18%
.la Laos
18%
.rs Serbia
18%
.ao Angola
17%
.by Belarus
17%
.py Paraguay
17%
.tn Tunisia
17%
.ls Lesotho
16%
.ni Nicaragua
16%
.cg Rep. of the Congo
16%
.st Sao Tome and Principe
14%
.sa Saudi Arabia
14%
.mm Myanmar
13%
.cv Cape Verde
12%
.gd Grenada
12%
.md Moldova
12%
.sd Sudan
12%
.lr Liberia
11%
.mc Monaco
11%
.mm Myanmar
11%
.nr Nauru
11%
.sz Swaziland
11%
.cr Costa Rica
10%
.ml Mali
10%
.sn Senegal
10%
.ae United Arab Emirates
10%
.bd Bangladesh
9%
.ci Côte d’Ivoire
9%
.mg Madagascar
9%
.mr Mauritania
9%
.mn Mongolia
9%
.ma Morocco
9%
.tm Turkmenistan
9%
.ag Antigua and Barbuda
8%
.ne Niger
8%
.pw Palau
8%
.sr Suriname
8%
.dz Algeria
7%
.bn Brunei
7%
.kh Cambodia
7%
.td Chad
7%
.mt Malta
7%
.mu Mauritius
7%
.me Montenegro
7%
.si Slovenia
7%
.mv Maldives
6%
.kp North Korea
6%
.sc Seychelles
6%
.ba Bosnia and Herzegovina
5%
.cf Central African Republic
5%
.gw Guinea-Bissau
5%
.vc Saint Vincent and the Grenadines
5%
.ws Samoa
5%
.km Comoros
4%
.tl East Timor
4%
.sv El Salvador
4%
.sl Sierra Leone
4%
.lk Sri Lanka
4%
.bs Bahamas
3%
.bj Benin
3%
.bi Burundi
3%
.cd Dem. Rep. of the Congo
3%
.mh Marshall Islands
2%
.kn Saint Kitts and Nevis
2%
.lc Saint Lucia
2%
No matching quizzes found
Score Distribution
Percent of People with Each Score
Percentile by Number Answered
Your Score History
You have not taken this quiz